Historia de Ibiza. T.1 antiguedad / (Record no. 95814)

MARC details
000 -LEADER
campo de control de longitud fija 00699nam a2200205 i 4500
001 - NÚMERO DE CONTROL
campo de control 95814
003 - IDENTIFICADOR DE NÚMERO DE CONTROL
campo de control ES-MaACL
005 - FECHA Y HORA DE LA ÚLTIMA TRANSACCIÓN
campo de control 20251017063055.0
007 - CAMPO FIJO DE DESCRIPCIÓN FÍSICA--INFORMACIÓN GENERAL
campo de control de longitud fija t|
008 - DATOS DE LONGITUD FIJA--INFORMACIÓN GENERAL
campo de control de longitud fija 050606s1957 sp ||||1| spa d
100 1# - ENTRADA PRINCIPAL--NOMBRE DE PERSONA
Nombre de persona Macabich Llobet, Isidoro,
Fechas asociadas al nombre 1883-1973
9 (RLIN) 75047
245 10 - MENCIÓN DEL TÍTULO
Título Historia de Ibiza. T.1 antiguedad /
Mención de responsabilidad, etc. Isidoro Macabich Llobet.
260 ## - PUBLICACIÓN, DISTRIBUCIÓN, ETC.
Lugar de publicación, distribución, etc. Palma de Mallorca :
Nombre del editor, distribuidor, etc. [s.n.],
Fecha de publicación, distribución, etc. 1957 (
Fabricante Imp.Alfa)
300 ## - DESCRIPCIÓN FÍSICA
Extensión 206 p. ;
Dimensiones 25 cm.
500 ## - NOTA GENERAL
Nota general Precede al tít.: Consejo Superior de Investigaciones Científicas.
651 #4 - PUNTO DE ACCESO ADICIONAL DE MATERIA--NOMBRE GEOGRÁFICO
Nombre geográfico Ibiza (Isla)-
Subdivisión general Historia.
9 (RLIN) 168491
710 2# - ENTRADA AGREGADA--NOMBRE DE ENTIDAD CORPORATIVA
Nombre de entidad corporativa o nombre de jurisdicción como elemento de entrada Institut d'Estudis Eivissencs.
9 (RLIN) 4744
852 ## - LOCALIZACIÓN
Ubicación ES-MaACL
Número de control de estantería E-4540
Sublocalización o colección R.42801
Holdings
Estatus retirado Estado de pérdida Estado de daño No para préstamo Biblioteca de origen Biblioteca actual Ubicación en estantería Fecha de adquisición Fuente de adquisición Total de préstamos Signatura topográfica completa Código de barras Visto por última vez Precio de reemplazo Tipo de ítem Koha
        Biblioteca del Ateneo de Madrid Biblioteca del Ateneo de Madrid Depósito 2 17/01/2008     E-4540 1100046 23/02/2023 23/02/2023 Libro impreso
        Biblioteca del Ateneo de Madrid Biblioteca del Ateneo de Madrid Depósito 2 17/01/2008     P-931 1100045 23/02/2023 23/02/2023 Libro impreso